Saya boleh / (Record no. 642)
[ view plain ]
| 000 -LEADER | |
|---|---|
| fixed length control field | nam a22 a 4500 |
| 003 - CONTROL NUMBER IDENTIFIER | |
| control field | AKMAL |
| 005 - DATE AND TIME OF LATEST TRANSACTION | |
| control field | 20170504141929.0 |
| 008 - FIXED-LENGTH DATA ELEMENTS--GENERAL INFORMATION | |
| fixed length control field | 1 s1998 my 00 may d |
| 020 ## - INTERNATIONAL STANDARD BOOK NUMBER | |
| International Standard Book Number | 9676902780 (kkt.): |
| Terms of availability | RM22.10 |
| 040 ## - CATALOGING SOURCE | |
| Original cataloging agency | AKMAL |
| 082 04 - DEWEY DECIMAL CLASSIFICATION NUMBER | |
| Classification number | 158.1 SWE |
| 090 00 - LOCALLY ASSIGNED LC-TYPE CALL NUMBER (OCLC); LOCAL CALL NUMBER (RLIN) | |
| Classification number (OCLC) (R) ; Classification number, CALL (RLIN) (NR) | 158.1 |
| Local cutter number (OCLC) ; Book number/undivided call number, CALL (RLIN) | SWE |
| 100 1# - MAIN ENTRY--PERSONAL NAME | |
| Personal name | Sweetland, Ben |
| 9 (RLIN) | 1376 |
| 245 10 - TITLE STATEMENT | |
| Title | Saya boleh / |
| Statement of responsibility, etc. | Ben Sweetland ; penterjemah Zarina Musa |
| 260 ## - PUBLICATION, DISTRIBUTION, ETC. | |
| Place of publication, distribution, etc. | Batu Caves, Selangor : |
| Name of publisher, distributor, etc. | Thinker's Library, |
| Date of publication, distribution, etc. | 1998 |
| 300 00 - PHYSICAL DESCRIPTION | |
| Extent | vii, 257ms. ; |
| Dimensions | 23cm |
| 500 ## - GENERAL NOTE | |
| General note | Terjemahan dari: [I will by Ben Sweetland] |
| 650 #0 - SUBJECT ADDED ENTRY--TOPICAL TERM | |
| Topical term or geographic name entry element | Success |
| 9 (RLIN) | 2 |
| 700 0# - ADDED ENTRY--PERSONAL NAME | |
| Personal name | Zarina Musa |
| 9 (RLIN) | 1377 |
| 700 0# - ADDED ENTRY--PERSONAL NAME | |
| Personal name | Baharuddin Ayudin |
| 9 (RLIN) | 1378 |
| 942 ## - ADDED ENTRY ELEMENTS (KOHA) | |
| Source of classification or shelving scheme | |
| Koha item type | Book |
| Withdrawn status | Lost status | Source of classification or shelving scheme | Damaged status | Not for loan | Collection code | Home library | Current library | Shelving location | Date acquired | Inventory number | Total Checkouts | Full call number | Barcode | Date last seen | Price effective from | Koha item type |
|---|---|---|---|---|---|---|---|---|---|---|---|---|---|---|---|---|
| NON-FICTION | AKMAL Melaka | AKMAL Melaka | PINJAMAN | 04.05.2017 | 100408 | 158.1 SWE | 201701548 | 04.05.2017 | 04.05.2017 | Book |
